00836nam a22001811a 4500003000600000005001700006008004100023100002800064245012400092260002900216300001500245500008600260590002800346630006400374630006700438999001700505952013200522NEGST20110718123903.0030712s1981 001 0 eng d1 aLutjens, Ronald George.14aThe Pauline sarx/pneuma antithesis :ba comparison of Galatians 5:13-26 and Romans 7:14-25 /cby Ronald George Lutjens. a[S.l.] :b[s.n.],c1981. axiv, 389p. aThesis (M.A.) Trinity Evangelical Divinity School, 1981. Bibliography: p.376-389. aAccession number: 2381100aBible. N.T. Romans 7:14-25xCriticism, interpretation, etc.00aBible. N.T. Galatians 5:13-26xCriticism, interpretation, etc. c18431d18431 00102lcc40708GENaCPLbCPLcGENd2009-08-10g40.00l0oBS 2665.3.L88 1991pR02007Y3232r2011-09-02 00:00:00w2009-08-10yBK